[Event "Corus"]
[Site "Wijk aan Zee"]
[Date "2000.01.25"]
[Round "9"]
[White "Morozevich, Alexander"]
[Black "Short, Nigel D"]
[Result "1/2-1/2"]
[WhiteElo "2748"]
[BlackElo "2683"]
[Annotator "Mikhalevski,V"]
[PlyCount "78"]
[EventDate "2000.01.15"]
[EventType "tourn"]
[EventRounds "13"]
[EventCountry "NED"]
[EventCategory "18"]
[SourceTitle "CBM 075"]
[Source "ChessBase"]
[SourceDate "2000.04.05"]
[SourceVersion "1"]
[SourceVersionDate "2000.04.05"]
[SourceQuality "1"]

1. e4 e5 2. Nf3 Nc6 3. d4 exd4 4. Nxd4 Bc5 5. Nxc6 Qf6 6. Qd2 bxc6 {A rare
idea which gains some popularity nowadays.} (6... dxc6 {is much more popular.})
7. Nc3 {[%cal Gc3a4] Early 7.Nc3 is the rare move in a rare line.Its main idea
is exchanging of Black's black-squared bishop by means of Na4.} (7. Bd3 Ne7 ({
Interesting also Spassky's} 7... d5 8. O-O Ne7 9. Qf4 Qxf4 10. Bxf4 dxe4 11.
Bxe4 Bd6 12. Bxd6 cxd6 13. Re1 Be6 14. Nd2 Rb8 15. b3 h6 16. Nf3 c5 {1/2-1/2
Timman,J-Spassky,B/Wijk aan Zee 1998/EXT 99 (16)}) 8. O-O O-O {[%cal Gd7d5] is
the main line}) 7... d6 (7... Ne7 {Looks more flexible leaving an option of d5
open.} 8. Na4 Bb6 9. Nxb6 axb6 10. Qf4 Qxf4 11. Bxf4 d6 12. Be2 $14 {/= and
Black has very solid position in exchange for a bishops pair 0-1 Ramirez,
E-Jonkman,H/Tenerife 1999/EXT 2000 (47)}) 8. Na4 (8. Bc4 Ne7 9. O-O Ng6 10. Kh1
Ne5 11. Be2 Qh4 12. f4 Ng4 13. Bxg4 Qxg4 14. b3 O-O 15. Bb2 Ba6 16. Rf3 f6 17.
Re1 Rae8 18. Na4 Bb6 19. c4 Qh5 20. h3 Re7 21. Nxb6 {1/2-1/2 Gonzalez Garcia,
J-Lukacs,P/Budapest 1998/EXT 99 (21)}) 8... Bb6 9. Bd3 Ne7 (9... Qg6 {was
interesting and after} 10. O-O (10. f4 $5) 10... Bh3 11. Qg5 Qxg5 12. Bxg5 Be6
13. Nxb6 axb6 14. f4 f6 15. Bh4 Ne7 {with a solid position 0-1 Kountz,
J-Schlindwein,R/Schwaebisch Gmuend 1998/CBM 62 ext (53)}) 10. O-O O-O 11. c3 (
11. Nxb6 axb6 12. f4 Ng6 13. Qf2 c5 14. a3 Ba6 15. Bxa6 Rxa6 16. Rb1 Re8 17.
Re1 Ra4 18. b4 cxb4 19. axb4 Ra2 20. Rb3 Qe7 21. Bb2 f5 22. g3 fxe4 23. Qd4 $1
{[%csl Rg7][%cal Ge1e4]} Qf7 24. Rxe4 Rxe4 25. Qxe4 Ne7 26. b5 $14 {1-0 Pecnik,
L-Markic,M/Porec 1998/EXT 99 (46)}) ({Three weeks after the current game
Morozevich deviates from his 11.c3 and chooses} 11. Rb1 Qg6 12. Re1 Bh3 13. Bf1
Bd7 14. b3 {The point of 11.Rb1.White leaves a big diagonal open for his
bishop instead of closing it with 11.c3} Rad8 15. Bb2 c5 16. Re3 f6 17. Nxb6
axb6 18. c4 Qh6 19. Rd1 Rde8 20. Bc3 Bc6 21. Qb2 Ng6 22. Rde1 Re7 23. Bd2 Qh5
24. Be2 Qe5 25. Bc3 Qe6 26. Bf1 Rfe8 27. Qd2 Qf7 $11 {and White has no real
chances to break through Black's bastions.1/2-1/2 Morozevich,A-Piket,J/
KasparovChess GP g/60 2000. (38)}) 11... Qg6 {[%cal Gc8h3]} 12. Re1 Bh3 13. Bf1
({Playing} 13. Qg5 {White could win a pawn,but after} Qxg5 14. Bxg5 f6 15. Nxb6
axb6 16. Bc4+ Kh8 17. Bxf6 $140 $6 (17. Bh4 $142) 17... Rxf6 18. gxh3 Ng6 {
[%csl Re5,Rf4,Rh4] White creates too many weaknesses in his position and
Black's chances at least not worse.}) 13... Be6 14. c4 c5 {[%csl Rd4][%cal
Ge7c6,Gc6d4,Gc6e5][%mdl 32] An interesting strategical decision.Black closes
his bishop bearing in mind that White's knight can't avoid the exchange.For
instance in case of Nc3 it will be exchanged by means of Ba5,but b3 and then
Nb2 looks a bit ugly.Additionally he takes under control a weak square(d4) and
opens a way for his knight.} 15. b3 f5 {Black knight doesn't mind to occupy a
parking place on f5.} 16. e5 dxe5 17. Ba3 $5 ({In case of} 17. Rxe5 {all black
pieces come into play with tempi.} Nc6 {[%csl Rd4][%cal Ga8d8,Gb6a5,Gc6d4]})
17... Rad8 18. Qc3 Nc6 19. Bxc5 (19. Nxc5 $143 Bc8 {[%csl Rd4]} 20. Rad1 (20.
Na4 $6 Bd4 21. Qc1 Rf7)) 19... Rfe8 20. Rad1 Rxd1 21. Rxd1 f4 {Short is
starting to take an initiative in his hands.In such structure two pawns on f4
and e4 are very dangerous.So} 22. Re1 Bf5 $1 {Controlling the d4-square Black
takes under control another central one-the e4-square.} ({Black shouldn't
harry with} 22... e4 {as White can come with unexpected} 23. Bxb6 $5 axb6 24.
c5) 23. b4 h5 {[%cal Gg8h7] Prophylaxis.Black is preparing a secure refuge for
his king.} 24. f3 Bxc5+ 25. Nxc5 Nd4 26. Nb3 Kh7 27. c5 Qg5 (27... Nc2 $5 {
[%cal Gc2e3] was interesting} 28. Re2 (28. Rxe5 $2 Qf6 29. Qxc2 Bxc2 $5 (29...
Qxe5 $17) 30. Rxe8 Bxb3 31. axb3 Qd4+ 32. Kh1 Qxb4) 28... Ne3 29. Rd2 e4 {
strengthening the pressure.}) {A responsible decision.Starting from this point
White has been fighting for an equality.} 28. Nxd4 (28. Nd2 $5 {[%cal Gd2e4]})
28... exd4 $15 29. Qd2 Re3 (29... Rxe1 $5 30. Qxe1 Bg6 {[%csl Gd4]}) 30. Rxe3
dxe3 31. Qd4 Bg6 (31... h4 {is dubious in view of} 32. Qe5 h3 $140 33. g4 $1
fxg3 34. hxg3 {[%cal Gf1h3]} (34. Bxh3) 34... Kg6 35. Kh2 {[%csl Re3,Rh3]}) 32.
g3 $1 {[%mdl 64] Unexpected tactical blow that comes just in time.} fxg3 33. h4
$1 {The idea of the previous move.Now the key position has been arising.Black
has to take an important decision.Where should he go?At Black's disposal two
main options:33...Qf5 which occuried in the game and 33...Qe7} Qf5 {Leads to a
draw in all lines.} (33... Qe7 $5 {would leave more chances to win the game.}
34. Be2 {[%csl Rg3]} Bf7 35. a3 (35. Kg2 Bxa2 36. Kxg3 Bb1 $5 (36... g5 $5) 37.
f4 {[%csl Re3][%cal Gd4e5]} Bf5 $1 {[%cal Gf5g4]} 38. Qe5 $140 (38. Qd5 g6 $1 {
[%cal Gf5g4]} (38... Bg4 39. Bxg4 hxg4 40. Qh5+ Kg8 41. Qd5+ Kf8 (41... Qf7 42.
Qd8+ Qf8 (42... Kh7 43. Qd3+ {[%csl Re3]}) 43. Qd5+ {and White doesn't run
risks anymore.}) 42. Qf5+ Kg8 (42... Ke8 43. Qc8+ Kf7 44. Qf5+ Qf6 45. Qxg4 $13
) (42... Qf7 43. Qxg4 $1 (43. Qc8+ $2 Qe8 44. Qf5+ Kg8 45. Qd5+ Kh8 {[%cal
Ge3e2]} 46. Qe5 Qxe5 47. fxe5 Kg8 $19)) 43. Qd5+ $11)) 38... Qxe5 39. fxe5 Bg4
$1 $17) 35... g5 36. c6 $5 {[%cal Gd4d7]} (36. hxg5 Qxg5 37. c6 Kg8 $15 38.
Qxa7 $140 $4 (38. b5 $142) 38... Qh4 $19) 36... gxh4 37. Qd7 Qf6 38. Qxc7 Kg7
39. Qd7 Qc3 40. Kg2 Qd2 41. Qd3 Bg6 $5 (41... Be6 42. c7 Kf6)) 34. Qxe3 Qf6 (
34... Qc2 {is not sufficient for an advantage:} 35. Be2 Qxa2 36. Kg2 $1 c6 (
36... Qb1 37. Qc3 Qa2 38. Qe3) 37. Kxg3 Qb1 $1 (37... Qb2 38. Bd3 $1) 38. Qe5
$1 {Preparing nice tactical blow.} (38. Qd4 $2 Qe1+ {[%csl Rb4,Re2]} 39. Qf2
Qxb4) 38... Qe1+ 39. Kh3 Qxb4 (39... a6 40. f4 $1 Qxb4 41. Bd3 $1 $11 (41. Bxh5
Be4)) (39... Qh1+ 40. Kg3 Qg1+ 41. Kh3 $11) 40. Bd3 $1 {[%cal Ge5h5]} Bxd3 41.
Qxh5+ Kg8 42. Qe8+ $11) 35. Bd3 $1 Qxh4 36. Bxg6+ Kxg6 37. Qe8+ $1 $11 {
Black can't escape from the perpetual check.} Kh6 $1 (37... Kh7 $4 {loses to}
38. Qe4+ Qxe4 39. fxe4 {[%csl Gb4,Ge4][%mdl 4096]} Kg6 40. b5 Kf6 41. a4 Ke6 (
41... Ke5 42. a5 Kxe4 43. b6 $18) 42. a5 Kd7 43. a6 {[%cal Gb5b6]} Kc8 44. e5 {
[%cal Ge5e6,Gb5b6] and White wins}) (37... Kf6 $4 38. Qd8+ {[%csl Rh4]}) (37...
Kf5 $6 {was very dangerous:} 38. Qf7+ Ke5 39. Qxc7+ Kd4 (39... Kd5 $2 40. Qb7+
$1 {[%cal Gb7e4] Exchanging the Queens White wins at the pawn endgame.} Kc4 41.
Qe4+ Qxe4 42. fxe4 Kb5 43. e5 Kc6 44. e6 a6 45. a4 $18 {[%cal Gb4b5]}) 40.
Qxg7+ Kc4 41. Qb2) 38. Qh8+ Kg6 39. Qe8+ Kh6 1/2-1/2

[Event "FIDE-Wch k.o."]
[Site "Groningen"]
[Date "1997.12.14"]
[Round "3.1"]
[White "Azmaiparashvili, Zurab"]
[Black "Aleksandrov, Aleksej"]
[Result "1-0"]
[WhiteElo "2645"]
[BlackElo "2660"]
[Annotator "Mikhalevski,V"]
[PlyCount "83"]
[EventDate "1997.12.09"]
[EventType "k.o."]
[EventRounds "7"]
[EventCountry "NED"]
[SourceTitle "CBM 063"]
[Source "ChessBase"]
[SourceDate "1998.03.26"]
[SourceVersion "1"]
[SourceVersionDate "1998.03.26"]
[SourceQuality "1"]

1. e4 e5 2. Nf3 Nc6 3. d4 exd4 4. Nxd4 Qf6 5. Be3 Bc5 6. c3 Nge7 7. Bc4 Ne5 (
7... O-O) 8. Be2 Qg6 (8... d5) 9. O-O O-O 10. Nd2 d5 (10... d6 11. Bh5 Qf6 12.
f4 N5c6 13. N2b3 $14 {Sveshnikov,E-Yandemirov,V/Elista(RUS-ch)/1995/}) 11. Bh5
(11. Nf5 Bxf5 (11... Nxf5 12. Bxc5 Nh4 13. g3 Re8 14. Bh5 Qc6 15. Nb3 dxe4 16.
gxh4 Bh3 17. Be3 Nf3+ 18. Kh1 Rad8 19. Nd4 Nxd4 20. cxd4 Bxf1 21. Qxf1 g6 22.
Be2 a6 23. Rc1 Qd6 24. Qg2 b5 25. Qg5 f6 26. Qh6 Rd7 27. Rc5 Rg7 28. Qf4 Qxf4
29. Bxf4 Rd8 30. Be3 Rd6 31. Kg2 h5 32. Bd1 c6 33. Bc2 Re7 34. Kg3 Kg7 35. Kf4
f5 36. Kg5 {Bardelmeijer,N-Oranje,R/Soest op 1995/1-0 (52)}) 12. Bxc5 Bh3 13.
Bf3 Rfe8 14. Kh1 (14. Bxe7 Rxe7 15. exd5 Rd8 16. Re1 c6 17. Nc4 f6 18. Nxe5
fxe5 19. Qa4 Rf8 20. Be4 Rf4 21. Bxg6 Rxa4 22. Be4 Bd7 23. b3 Ra3 24. Re2 a5
25. Rc2 cxd5 26. Bxd5+ Be6 27. Rd1 Kf7 28. Kf1 a4 29. b4 Rc7 30. Bxe6+ Kxe6 31.
Rd3 e4 32. Re3 Kf5 33. Ke1 Rd7 34. f3 exf3 35. Rxf3+ Kg4 36. Ke2 h5 37. Rd3 Rf7
38. Rg3+ Kh4 {Schmittdiel,E-Enklaar,B/Bussum op 1995/1-0 (51)}) 14... dxe4 15.
Bxe4 Bf5 16. Qc2 Bxe4 17. Nxe4 Nf5 18. f3 b6 19. Bf2 Nd6 20. Rfe1 Ng4 21. Bg3
Nxe4 22. Rxe4 Rxe4 23. Qxe4 Qxe4 24. fxe4 c5 25. Rd1 h6 26. Kg1 Nf6 27. e5 Ne4
28. Rd7 Ng5 29. Kf2 Ne6 30. Ke3 c4 (30... c4 31. a4 Nc5 32. Rc7 Nxa4 33. Rxc4
Nc5 34. Rd4 Rc8 35. Rc4 Kf8 36. Be1 Rd8 37. Rd4 Rc8 38. b4 Ne6 39. Rd7 Rc7 40.
Rxc7 Nxc7 41. c4 Ke7 42. Ke4 Ke6 43. Bf2 Na6 {1/2-1/2 Peredy,F-Czebe,A/
Budapest FS09 IM-A 1995}) 31. a4 Nc5 32. Rc7 Nxa4 33. Rxc4 Nc5 34. Rd4 Rc8 35.
Be1 Kf8 {Oechslein,R-Wolf,V/BL8283 1983/1-0 (51)}) (11. Kh1 Ng4 12. Bxg4 Bxg4
13. f3 Bd7 (13... Bxd4 14. cxd4 Be6 15. Qa4 a5 16. Qb5 b6 17. Rfc1 Rac8 18. Bf4
Qf6 19. Be5 Qh6 20. Qe2 dxe4 21. fxe4 c6 22. Rc3 Ng6 23. Nf3 Rfe8 24. Qc2 Bd7
25. Qb3 b5 26. a4 bxa4 27. Rxa4 c5 28. Rxa5 Nxe5 29. dxe5 Be6 30. Qc2 c4 31.
Rca3 Red8 32. Ra6 Qf4 33. g3 Qg4 34. Rd6 Rxd6 35. exd6 c3 36. Nd4 cxb2 37. Nxe6
Qxe6 38. Qxb2 {Comp Mirage-Polgar,S/The Hague AEGON 1997/0-1 (85)}) 14. Nf5
Nxf5 15. Bxc5 dxe4 16. fxe4 Ng3+ 17. hxg3 Bg4 18. Nf3 Qh5+ 19. Kg1 Qxc5+ 20.
Qd4 Qe7 21. e5 Be6 22. b3 b6 23. Rae1 Rad8 24. Qe3 Bc8 25. Nd4 Qc5 26. Kh2 Rde8
27. Qf4 Re7 28. Rf3 Ree8 29. Rfe3 Be6 30. g4 f6 31. b4 Qd5 32. exf6 Rxf6 33.
Qxc7 Rc8 34. Qg3 Bd7 35. Re7 Rcf8 {Grosar,A-Cepon,D/SLO-ch 1992/1-0 (49)})
11... Qd6 (11... Qa6 12. Nf5 (12. b4 Bxd4 13. Bxd4 N5c6 14. Bc5 Rd8 15. Qb3 Be6
16. b5 Qa5 17. Qa3 Qxb5 18. Bxe7 Nxe7 19. Qxe7 dxe4 20. Nxe4 Qxh5 21. Qxc7 Qg6
22. f3 Rd7 23. Qf4 Rc8 24. Rfd1 Rxd1+ 25. Rxd1 Bxa2 26. Qc7 Qb6+ 27. Qxb6 axb6
28. Rd7 f5 29. Nd6 Rb8 30. Nxb7 g6 31. Kf2 Be6 32. Rd8+ Rxd8 33. Nxd8 Bd5 34.
Ke3 Kf8 35. Kd4 Bb3 36. Nc6 Kf7 {Ash,R-Lardizabal,R/World op 1995/1-0 (49)}) (
12. N2b3 $1 Bd6 (12... Bb6 13. Be2 Nc4 14. Bg5 f6 15. Bc1 $140 $16 dxe4 $2 16.
Nd2 $18) (12... Bxd4 13. Bxd4 $40) 13. Be2 Nc4 14. Bc1 $1 $40) 12... Nxf5 13.
Bxc5 Nd6 14. exd5 Qb5 15. b4 Qd3 16. Bd4 Re8 17. Re1 Qf5 18. c4 Bd7 19. Bxe5
Rxe5 20. Rxe5 Qxe5 21. a4 Qc3 22. c5 Nf5 23. c6 bxc6 24. dxc6 Be6 25. Ne4 Qxb4
26. Ng5 Bb3 27. Qd7 g6 28. Rb1 gxh5 29. Qxf5 Re8 30. Qxh7+ Kf8 31. Qh8+ Ke7 32.
Qe5+ Kd8 33. Rd1+ {1-0 Sulskis,S-Blucha,D/Karvina op 1992}) 12. f4 (12. Kh1 Bb6
(12... Nc4 13. Nxc4 dxc4 14. Qa4 Qe5 15. Bf3 b5 16. Qc2 Bb7 17. g3 Ng6 18. Bg2
Rfe8 19. f3 Rad8 20. Qf2 Rf8 21. Rad1 Qe8 22. Nf5 Bxe3 23. Qxe3 a6 24. Rd4 Ne5
25. Qg5 Ng6 26. Rfd1 Rxd4 27. Rxd4 h6 28. Qd2 Ne5 29. b3 Bc8 30. Ne3 Be6 31.
bxc4 bxc4 32. Qc2 Qb5 33. Nd5 Rb8 34. h3 Qb1+ 35. Qd1 Qxa2 36. Nb4 Qb3 37. Rd8+
Rxd8 38. Qxd8+ Kh7 39. Qd4 Nd3 40. Nxd3 Qd1+ 41. Kh2 cxd3 {0-1 Kanefsck,G-Oro,
L/Coronel Suarez op 1992}) (12... N5g6 13. b4 Bb6 14. a3 dxe4 15. Nxe4 Qe5 16.
Bxg6 Nxg6 17. Qc2 f5 18. Qb3+ Kh8 19. Ng5 f4 20. Ndf3 Qf6 21. Bxb6 axb6 22.
Rfe1 Bg4 23. h3 Bxf3 24. Nxf3 Rfe8 25. Qc4 c6 26. Rxe8+ Rxe8 27. Rd1 Qf5 28.
Qd4 b5 29. Qd7 Qxd7 30. Rxd7 Rb8 31. Ng5 Nf8 32. Re7 h6 33. Nf7+ Kg8 34. Nd6
Ra8 35. Nf5 Rxa3 36. Rxg7+ Kh8 37. Rxb7 {Bezemer,A-Van de Oudeweetering,A/
NLD-ch sf 1993/1-0 (75)}) 13. f4 Nd3 14. Qc2 Bxd4 15. cxd4 dxe4 16. Nxe4 Nb4
17. Qd2 Qc6 18. Qxb4 Qxe4 19. Rae1 Nd5 20. Qb3 c6 21. Bg1 Qf5 22. Re5 Qf6 23.
f5 Nb6 24. a4 Be6 25. fxe6 Qxf1 26. exf7+ Rxf7 27. Bxf7+ Qxf7 28. Qc2 Nd5 29.
a5 a6 30. h3 Rf8 31. Qb3 Qd7 32. Re1 h6 33. Bh2 Rf2 34. Be5 Qf7 35. Rd1 Re2 36.
Rg1 Ne3 37. Qd3 Qh5 38. Qb3+ Kh7 39. Qxb7 Qg6 40. Qc7 Rxg2 41. Bg3 Qe4 {
0-1 Stefansson,H-Barkhagen,J/Rilton Cup 1991}) (12. Nc2 Be6 13. Bxc5 Qxc5 14.
Nb3 Qb6 15. Re1 Rad8 16. Qe2 N7c6 17. Ncd4 dxe4 18. Qxe4 Bd5 19. Qc2 Rfe8 20.
Rad1 Bc4 21. Nxc6 Nxc6 22. Rxd8 Rxd8 23. Qe4 Be6 24. Bg4 Re8 25. h3 g6 26. Qf3
Qb5 27. Bxe6 Rxe6 28. Rxe6 fxe6 29. Qe3 Qf5 30. Nc5 e5 31. Nxb7 Qb1+ 32. Kh2
Qxb2 33. Nc5 Qxa2 34. Nd3 Qd5 35. Qg3 a5 36. c4 Qd4 37. c5 a4 38. Ne1 Qxc5 39.
Qg4 a3 40. Qe6+ Kg7 41. Qd7+ Kh6 42. Qd2+ g5 43. h4 e4 44. hxg5+ Qxg5 45. Qc3
Qe5+ 46. Qxe5 Nxe5 47. Nc2 a2 48. Na1 Kg6 49. Kg1 Nd3 50. Kf1 {0-1 Ostojic,
A-Sepulveda,L/WchJW-U14 1995}) 12... N5c6 (12... Nc4 13. Nxc4 dxc4 14. Qe2 Bxd4
15. Bxd4 b5 16. Qe3 Qh6 17. Bf3 Re8 18. Bxa7 Nd5 19. Qc5 Nxf4 20. e5 Be6 21.
Bxa8 Rxa8 22. Qe3 g5 23. Bc5 Bd5 24. Be7 Bxg2 25. Bxg5 Qxg5 26. Qxf4 Qg6 27.
Rf2 Be4+ 28. Qg3 Ra6 29. Re2 Bd3 30. Re3 Kf8 31. Qxg6 Rxg6+ 32. Kf2 Ke7 33. a4
Ra6 34. b3 Bc2 35. bxc4 bxa4 36. Rh3 a3 37. Ke3 a2 38. Kd2 Bb1 39. Kc1 Rb6 40.
Re3 Rb3 41. Kd1 Rb2 42. Re2 Rxe2 43. Kxe2 Ke6 44. Kf3 Kxe5 45. h3 f5 46. Ke3
f4+ 47. Kf3 Kf5 48. c5 c6 49. c4 h6 50. h4 h5 51. Kf2 Kg4 {0-1 Husson,
C-Fruteau,S/FRA-chW 1993}) 13. e5 (13. Kh1 a6 14. exd5 Qxd5 15. Bf3 Qd7 16.
N2b3 Ba7 17. Qc2 Nd5 18. Bxd5 Qxd5 19. Rad1 Bg4 20. Nf3 Qc4 21. Bxa7 Rxa7 22.
Ng5 g6 23. Rde1 Nb4 24. Qf2 Nc6 25. Na5 Nxa5 26. Qxa7 Qxa2 27. Qc5 Nc6 28. f5
Rd8 29. fxg6 fxg6 30. h3 Bf5 31. c4 Qxb2 32. Rxf5 Qb4 33. Qxb4 Nxb4 34. Rfe5
Rf8 35. Kh2 c6 36. Re7 b6 37. Rxh7 Nd3 38. Ree7 Rf7 39. Rexf7 {0-1 Rezek,
A-Schwarzinger,D/EU-chJW U18 1997}) 13... Qh6 (13... Qd8 14. N2b3 Bb6 15. Bf3
Nxd4 16. cxd4 f5 17. Rc1 c6 18. Kh1 Be6 19. Nc5 Bxc5 20. Rxc5 a6 21. Qc2 Kh8
22. Rc3 g5 23. Rb3 g4 24. Be2 Rb8 25. Bd2 Rf7 26. Bb4 Ng6 27. Qc5 Qh4 28. Be1
Qd8 29. a4 Nf8 30. Ba5 Qe8 31. Qc3 Ra8 32. Bb6 Bc8 33. a5 Ne6 34. Bd3 Qg8 35.
Bc2 Qg6 36. Bc5 h5 37. Qg3 Nxc5 38. dxc5 {Sofronie,I-Cozianu,C/ROM-chJW 1993/1/
2-1/2 (60)}) 14. N2b3 (14. Qe2 Bxd4 (14... f5 15. Bf3 Be6 16. N2b3 Bb6 17. a4
Nxd4 18. cxd4 a5 19. Qd2 Nc6 20. Rac1 Nb4 21. Nc5 Na2 22. Rc2 Nb4 23. Rc3 Na2
24. Rc2 Rab8 25. Nd3 c6 26. b3 Nb4 27. Nxb4 axb4 28. Qxb4 Bc7 29. g3 Rf7 30.
Kh1 g6 31. Bd2 Qg7 32. Qc5 Ra8 33. Bb4 Kh8 34. Qc3 g5 35. Qd2 g4 36. Be2 h5 37.
Rfc1 h4 38. Bf1 Qh6 39. Kg1 {Weeramantry,S-Lapshun,Y/Saratoga Springs op 1997/
1/2-1/2 (72)}) 15. Bxd4 Nxd4 16. cxd4 g6 17. Bg4 Bxg4 18. Qxg4 Nf5 19. Rf3 Nxd4
20. Rh3 Qxf4 21. Qxf4 Ne2+ 22. Kf2 Nxf4 23. Rf3 Ne6 24. Rf6 Nc5 25. Rf3 a5 26.
Rc1 b6 27. Ke3 Rfe8 28. Kf4 Re7 29. a3 a4 30. Rfc3 Ne6+ 31. Kg3 c5 32. Rd3 Nd4
33. Rxd4 cxd4 34. Kf4 Rf8 35. Rc6 Re6 36. Rd6 Rxd6 37. exd6 f6 {0-1 Muller,
F-Scheipl,R/FRG-ch 1972}) 14... Bxd4 15. Bxd4 ({Makarichev} 15. cxd4 Nf5 16.
Bd2 $1 (16. Bf2 $2 Qxf4) 16... Qe6 (16... Ncxd4 17. Nxd4 Nxd4 18. f5 $1 (18.
Bb4 $2 Ne2+ $1 19. Bxe2 Qb6+ $15) 18... Qb6 (18... Qa6 19. f6 $1 $16 (19. Bb4
Qb6 20. Bxf8 Kxf8 21. Kh1 Bxf5 $13)) 19. Be3 c5 20. Bxd4 (20. f6 $6 g6 21. Bxd4
(21. Qc1 Kh8 (21... Ne6 22. Bg4 d4 23. Bf2)) 21... cxd4 22. Qd2 Kh8 23. Qh6 Rg8
$13) 20... cxd4 21. Qd2 d3+ 22. Kh1 Qd4 23. Rae1 $16) 17. Rf2 $1 (17. Bc3 $4
Ne3) 17... g6 (17... Ncxd4 $2 18. Nxd4 Nxd4 19. Bb4 $16) 18. Bg4 h5 19. Bxf5 $1
Qxf5 20. Rc1 {xc7/} Be6 21. Rc3 $1 Rac8 22. Rg3 $18 f6 (22... Bd7 23. Rg5 Qe4
24. f5 Nxd4 25. Nxd4 Qxd4 26. fxg6 fxg6 27. Rxg6+ Kh7 28. Qxh5#) 23. Nc5 Nd8
24. exf6 Kh7 (24... Rxf6 25. Rg5) (24... Qxf6 25. Qxh5) 25. Rg5 Qxf6 26. f5
Bxf5 27. Rgxf5 Qxf5 (27... gxf5 28. Nd7 Qg7 29. Nxf8+ Qxf8 30. Qxh5+) 28. Rxf5
Rxf5 29. Qe1 Nf7 30. Qe6 Nd6 31. Nd7 Ne4 32. Qe7+ Kg8 33. Bh6 {1-0 Rublevsky,
S-Peng Xiaomin/Erevan olm 1996}) 15... Nxd4 16. cxd4 Nf5 (16... a5) 17. Rf2 a5
18. Be2 b6 19. Rc1 c6 20. Rc3 Ne7 21. g4 (21. Nd2 Bd7 (21... f6) 22. Nf1 f6)
21... f5 22. exf6 (22. g5 Qe6 23. a4) 22... Qxf6 23. Re3 Bd7 24. Bd3 (24. a4
Rae8 25. Bd3 Qd6) 24... Ng6 25. f5 a4 26. Na1 a3 $2 (26... Qxd4 $2 27. Nc2 Qf6
28. g5 $1 Qxg5+ (28... Qf7 29. Qe2 Nh4 30. Re7 $18) 29. Rg2 $16) (26... c5 $1
27. dxc5 bxc5 28. Bc4 dxc4 29. Qxd7 a3 30. Qe6+ Qxe6 31. Rxe6 axb2 (31... Nf4
32. Rxf4 axb2 33. Re1 Rxa2 34. Nc2 b1=Q 35. Rxb1 Rxc2 36. Rf2 $11) 32. Rxb2 Nf4
33. Re4 Nd3 $15 {[%csl Ra1]}) 27. b4 c5 $6 (27... Qxd4 28. Nc2 Qf6 29. g5 $1
Qxg5+ (29... Qf7 30. Qe2 Nh4 31. Re7 $18) 30. Rg2 $18) (27... Qg5 $5 28. Nc2
Nf4 29. h4 $1 Qh6 30. Bf1 $1 {[%csl Rf4]} Bxf5 31. gxf5 Qxh4 $14) (27... Ne7)
28. bxc5 bxc5 29. dxc5 $16 Ne5 30. Nb3 Ba4 31. Bc2 Rad8 32. Nd4 Bxc2 33. Rxc2
Rb8 34. Ne6 Rf7 35. c6 Nc4 36. Re1 Qh4 37. c7 Re8 38. Rf2 Nb6 39. Qd4 Nc8 40.
Re3 h5 41. Qxd5 hxg4 42. Ng5 1-0